| 000 | 00574nam a2200229Ia 4500 | ||
|---|---|---|---|
| 003 | OSt | ||
| 005 | 20221005130734.0 | ||
| 006 | a|||||r|||| 00| 0 | ||
| 007 | ta | ||
| 008 | 221004b |||||||| |||| 00| 0 mal d | ||
| 024 | _a59131 | ||
| 037 | _cTextual | ||
| 040 |
_aCRL _cCRL _bmal |
||
| 041 |
_2mal _amal |
||
| 082 | _aV212w, 32L4 | ||
| 100 | _aMenon K.P.Kesava Au. | ||
| 245 | 0 | _aSamakaleenaraya Chila keraleeyar | |
| 260 | _c1974 | ||
| 650 | _aHISTORY | ||
| 942 |
_hV212w, 32L4 _cTEXL _2cc |
||
| 999 |
_c1058245 _d1058245 |
||